[Event "Montreal 1st"]
[Site "Montreal"]
[Date "2000.08.07"]
[Round "5"]
[White "Rozentalis, Eduardas"]
[Black "Lesiege, Alexandre"]
[Result "1-0"]
[WhiteElo "2570"]
[BlackElo "2584"]
[Annotator "Rozentalis,E"]
[PlyCount "59"]
[EventDate "2000.08.03"]
[EventType "tourn"]
[EventRounds "11"]
[EventCountry "CAN"]
[EventCategory "9"]
[SourceTitle "CBM 079"]
[Source "ChessBase"]
[SourceDate "2000.11.21"]
[SourceVersion "1"]
[SourceVersionDate "2000.11.21"]
[SourceQuality "1"]

1. e4 {Rogozenko} c5 2. c3 Nf6 3. e5 Nd5 4. Nf3 Nc6 5. d4 cxd4 6. Bc4 Nb6 7.
Bb3 d5 8. exd6 Qxd6 9. O-O Be6 10. Na3 dxc3 11. Qe2 Bxb3 12. Nb5 Qb8 13. axb3
e5 {Rogozenko: '13. ... e6 and 13. ... g6 are less popular, but worth
considering alternatives.'} 14. Nbd4 (14. bxc3 {Rogozenko} Be7 $11) 14... f6 ({
possible move, but it was better to change the knights first:} 14... Nxd4 $142
15. Nxd4 f6 {Rogozenko: 'is the main line. The final conclusion from the
practice is that Black is able to hold a slightly inferior (read equal)
position and usualy the draw is the most likely outcome.'} 16. bxc3 Kf7) 15.
bxc3 Kf7 $146 {'?!' Rogozenko.} ({now} 15... Nxd4 16. cxd4 $40 {doesn't work
and black has to weaken his pawns}) (15... Qc8 {Rogozenko} 16. Nxc6 bxc6 17.
Nh4 $44 {Black keeps the possibility to castle here, which of course is
important. 0-1 Rytshagov,M-Sadler,M/EU-chT (Men) 1997/ (39)}) 16. Nxc6 bxc6 17.
Qe4 Qd6 $2 ({natural move, and probably decisive mistake. The only and
sufficient move was} 17... Be7 $8 18. Qxc6 Qc8 (18... Rc8 19. Qe4 Rxc3 20. Qxh7
$36 (20. Qxh7 {Rogozenko} Qg8 (20... Rxb3 $6 21. Nh4 $36) 21. Qf5 $36 {[%cal
Rf3g5]})) 19. Qxc8 Rhxc8 20. c4 $14) 18. Ra5 $1 {[ takes control over all
central squares e5,d5,c5 ]} Nd7 ({black has no time to develop his king side:} 
18... Be7 19. Ba3 Qe6 (19... Qd7 {Rogozenko} 20. Bxe7 Qxe7 $13) 20. Nxe5+ fxe5
21. Rxe5 Qxe5 22. Qxe5 Bxa3 23. Qf5+ Kg8 (23... Ke7 24. Re1+) 24. Qe6+ Kf8 25.
b4 $18) (18... Qe6 19. Rxe5) 19. Re1 $1 {[ one more piece takes control over
the key  square e5]} (19. Be3 {Rogozenko} Be7 20. Rfa1 $14) 19... Be7 (19...
Qe6 20. Nd4) (19... Nc5 20. Qe2 (20. Qc4+ Qd5) 20... e4 21. Nd4 Nd3 22. Rd1 Qc7
23. b4 $18) 20. Ba3 c5 21. b4 $1 {[ in order to take away c5 pawn, and
activate both bishop and rook ]  Rogozenko: 'After this nice move white pieces
cooperate very well.'} cxb4 (21... Rhc8 22. bxc5 Qc6 23. Qxh7) (21... Qb6 {
Rogozenko} 22. Qf5 $36 {[%csl Rd7][%cal Rf3g5]}) 22. Bxb4 Qb6 (22... Qe6 23.
Nd4) 23. Qf5 $18 {'+/-' Rogozenko.} Rad8 24. Raxe5 $1 {'+-!' Rogozenko.} Bxb4 (
24... Nxe5 25. Nxe5+ Kg8 26. Nd7 $18) 25. Ng5+ Kg8 (25... Kf8 26. Qxd7) 26. Re6
({this wins by force, while} 26. Re8+ Nf8 {and black still fights}) 26... g6
27. Qd5 Ne5 28. Rd6+ Kg7 29. Ne6+ Kh6 30. Qe4 1-0

[Event "Asian Continental op 16th"]
[Site "Chengdu"]
[Date "2017.05.13"]
[Round "2"]
[White "Chen, Qi B"]
[Black "Sadorra, Julio Catalino"]
[Result "0-1"]
[WhiteElo "2362"]
[BlackElo "2575"]
[Annotator "Sadorra,J"]
[PlyCount "74"]
[EventDate "2017.05.12"]
[EventType "swiss"]
[EventRounds "9"]
[EventCountry "CHN"]
[SourceTitle "CBM 179"]
[Source "ChessBase"]
[SourceDate "2017.07.12"]
[SourceVersion "1"]
[SourceVersionDate "2017.07.12"]
[SourceQuality "1"]

1. e4 e6 2. d4 d5 3. Nd2 {I think Chinese players in general are well prepared
in the openings so for this game I decided not to use my predictable pet line
but test him in Isolated Queen's Pawn (IQP) positions where he has less
experience, at least according to the database.} c5 ({I usually play} 3... Be7
$5 {which leads to more dynamic positions and I believe it's still in good
shape!}) 4. Ngf3 Nc6 {Inviting him to enter the IQP structure.} 5. exd5 exd5 6.
Be2 ({A better line is} 6. Bb5 Bd6 7. dxc5 Bxc5 8. O-O Nge7 9. Nb3 Bd6 {
Which has been played in numerous GM games and tested in the Karpov-Korchnoi
World Championship match.}) 6... Nf6 7. O-O Bd6 8. dxc5 Bxc5 9. Nb3 Bb6 10. c3
O-O 11. Bg5 Re8 12. Bh4 Bg4 {I've seen this sort of position in my past
studies on various structures so I was already happy with the outcome of my
opening line choice.} 13. Nfd4 Bxe2 14. Nxe2 Re4 $1 {I don't want to claim any
rights or trademark on this idea as I remember Huebner and Atalik have used it
before in their IQP games.} 15. Bg3 Nh5 $1 16. Nd2 Nxg3 17. Nxg3 {This
position resembles the game Vaganian-Huebner in the 1980s, with White having
the IQP.} ({If} 17. hxg3 {I was also intending} Rg4 $5 {followed by finishing
development then later h5-h4!} ({But of course objectively better is} 17... Re7
18. Nf3 Qd6 (18... Qd7 19. Nf4 Rd8 $11) 19. Ned4 Nxd4 20. Nxd4 Re4 $1 $36))
17... Re6 {I was already feeling comfortable here with d4 coming} 18. Nf3 d4
19. Qd3 Qf6 20. c4 Rae8 21. a3 a5 22. Rad1 g6 $1 {Restricting his g3-knight
and planning h5-h4 in the future.} 23. Qd2 {This was a critical moment as I
had to think about stopping his queenside plan which could involve a sacrifice.
} a4 $1 (23... h5 24. Qh6 Bd8 {and I felt that I'm losing harmony and my B is
passive on d8}) 24. Qh6 ({The critical test for the soundness of the 23rd move
is} 24. Qc2 h5 $1 (24... Ra8 {loses too much time and momentum} 25. c5 $1 Bc7
26. Rd2 {[%cal Gf1d1,Gg3e4] and White is recovering.}) 25. Qxa4 h4 26. Nh1 Ne5
$1 {After this, I was convinced that I would have clear compensation for the
pawn as my bishop would be much superior than his knight and I would have
active rooks and kingside threats.} (26... Re2 27. Qb5 $1 $132) 27. Nxe5 Qxe5 (
27... Rxe5 $5) 28. Qc2 Bc7 29. g3 h3 $40) 24... Qg7 25. Qc1 {This was the
second critical moment. White has plans to improve his defence by blocking my
bishop, trading rooks on e1 and maybe even bringing his knight from e1-d3,
therefore something special had to be done here.} Ne5 $1 {I think exchanging
off his only active piece increases my advantage as it prevents any future
blockade on d3 and highlights the superiority of my minor piece.} (25... h5 $6
26. Rfe1 $1 (26. c5 Bc7) 26... Qf6 27. Rxe6 Rxe6 28. c5 Bc7 29. Qc2 $13 {
[%cal Gg3e4,Gg3e2]}) (25... Bc5 26. Rfe1 $1) 26. Nxe5 Qxe5 27. Rd3 Rc8 {
[%csl Rc4,Rg3][%cal Gd4d3] Using the Principle of Two Weaknesses.} ({Another
good possibility that the engine points out is} 27... Qc5 $1 28. Qc2 h5 $1 {
mixing in an idea that I saw earlier} 29. Qxa4 h4 30. Nh1 Re1 31. Rd1 Rxf1+ 32.
Rxf1 Re2 {and Black's coordination plus passed pawn is decisive.} 33. Qd7 Qxc4
$19) (27... Qc7 $5) 28. b4 (28. f4 Qc5 29. f5 Re3 $19) ({I also anticipated} 
28. Qc2 Qb5 29. Rc1 (29. b3 axb3 30. Rxb3 Qxc4) 29... Rec6 30. b3 axb3 (30...
Qa6 $1) 31. Rxb3 Qa6 $17) 28... axb3 29. Rxb3 Ba5 30. Qb1 (30. Qc2 b5 $19) (30.
Rxb7 d3 $19) (30. Qd1 b6 $17) 30... b6 {Simple and effective.} 31. Qd3 Qc5 $2 {
A little careless.} ({The most accurate is} 31... Bc3 $1 32. Rd1 h5 $1 {
The queenside pawns aren't going anywhere!} (32... Qc5 33. Ne4 Qxc4) 33. Nf1
Rce8 34. h3 Qf4 $17) 32. Rd1 $2 {After this, White can only prolong the agony
of defeat.} ({White could've gained chances to improve his position and fight
for equality after} 32. Ne2 $1 Rd6 (32... Qxc4 33. Nxd4 Rd6 34. Qxc4 Rxc4 35.
Nf3 $11) ({It could be difficult for me to find the best way to keep much of
my advantage} 32... Qe5 $1 33. Nxd4 (33. Rb2 Qe4 $1 34. Qxd4 Qxd4 35. Nxd4 Bc3
36. Nxe6 Bxb2 37. Nf4 Rxc4 38. Nd5 b5 39. Rb1 Bxa3 40. Kf1 Rc5 41. Rb3 $1 Rxd5
42. Rxa3 $15) 33... Rd8 $19) 33. Rc1 $11) 32... Qxc4 33. Qxc4 Rxc4 34. Kf1 Rc2
35. Rbb1 Bc3 36. f3 f5 37. h4 h5 {White's pieces are paralysed so he resigned.}
0-1

[Event "GBR-ch 102nd"]
[Site "Coventry"]
[Date "2015.08.04"]
[Round "8"]
[White "Emms, John M"]
[Black "Ward, Christopher"]
[Result "1-0"]
[WhiteElo "2460"]
[BlackElo "2423"]
[Annotator "Sagar Shah"]
[PlyCount "79"]
[EventDate "2015.07.27"]
[EventType "swiss"]
[EventRounds "11"]
[EventCountry "ENG"]
[SourceTitle "CBM 167 Extra"]
[Source "ChessBase"]
[SourceDate "2015.09.14"]
[SourceVersion "1"]
[SourceVersionDate "2015.09.14"]
[SourceQuality "1"]

1. e4 c5 2. c3 Nf6 3. e5 Nd5 4. Nf3 e6 5. Bc4 Nb6 6. Bb3 d6 7. exd6 Bxd6 8. d4
cxd4 9. cxd4 Bd7 10. O-O Bc6 11. Nc3 O-O 12. Be3 N8d7 13. Qe2 Qf6 14. Rac1 Rac8
15. Rfd1 Bf4 16. Bxf4 Qxf4 17. Qe3 Qxe3 18. fxe3 Nd5 19. Nxd5 Bxd5 20. Kf2 Rfd8
21. Ke2 Kf8 22. g3 Ke7 23. Nd2 Nf6 24. Rc3 Ne4 25. Nxe4 Bxe4 26. Rdc1 Rxc3 27.
Rxc3 Kd6 28. Bc2 Bxc2 29. Rxc2 Rd7 30. Kd3 Rc7 31. Rxc7 Kxc7 {The players have
reached a pawn endgame after 31 moves and with correct play, the game should
end in a draw. However, it's not always possible to play the most accurate
moves.} 32. g4 $1 {As Daniel King would have said, "That's a cramping move!"
One pawn cramps three black pawns.} Kd6 33. e4 f6 {This is a fine move because
it keeps the kingside pawn structure fluid. How do you decide which is the
right pawn move on the kingside. In order to find the right move, you must
imagine that White king goes to c4 and then pushes his pawn to d5. After exd5
exd5, White would have a passer but Black who would have 3 vs 2 should be
capable of creating his oawn passer on the kingside. Hence a move like g5
would be very bad.} (33... g5 $2 34. Kc4 a6 35. a4 b6 36. d5 exd5+ 37. exd5 {
You can see how the black pawns are completely worthless on the kingside.} Ke5
(37... a5 38. Kd4 $18) 38. a5 $1 $18) 34. h4 e5 $2 {A bad move by Chris who
gives White a passed pawn.} ({Black has to do nothing in this position but to
improve his queenside and wait with his king. Here's a sample line.} 34... b5
$1 35. Kc3 a5 36. Kd3 Kc6 37. Ke3 Kd6 38. Kf4 Kc6 39. g5 Kd6 40. gxf6 gxf6 41.
Kg4 Kc6 42. Kh5 f5 43. exf5 exf5 44. Kg5 Kd5 45. Kxf5 Kxd4 46. h5 b4 47. h6 a4
48. Kf6 Kd3 49. Kg7 Kc2 50. Kxh7 Kxb2 51. Kg7 Kxa2 52. h7 b3 53. h8=Q b2 {
with a theoretical draw.}) 35. d5 g6 ({Everything loses at this point.} 35...
b5 36. Kc3 a5 37. a4 $1 bxa4 38. Kc4 g6 39. g5 $1 $18 {That's the key move.
Whenever Black goes g6 with the idea of f5, White must play g5.}) 36. g5 $1 {
If it were not for this move, Black would still be fine. But now it's
completely lost.} f5 (36... fxg5 37. hxg5 {One pawn clamps two and it's all
over.} b5 38. Kc3 a5 39. a4 b4+ 40. Kc4 $18) 37. exf5 gxf5 38. h5 $1 Kxd5 39.
g6 e4+ (39... hxg6 40. h6 $1 $18) 40. Ke2 {Just an example to show what looks
theoretically easy might be very difficult practically.} 1-0

[Event "Petrov Memorial op"]
[Site "St Petersburg"]
[Date "1996.??.??"]
[Round "8"]
[White "Mukhametov, Eldar"]
[Black "Korneev, Oleg"]
[Result "0-1"]
[WhiteElo "2505"]
[BlackElo "2590"]
[Annotator "Schlosser,P"]
[PlyCount "92"]
[EventDate "1996.02.??"]
[EventType "swiss"]
[EventRounds "9"]
[EventCountry "RUS"]
[SourceTitle "CBM 052"]
[Source "ChessBase"]
[SourceDate "1996.06.01"]
[SourceVersion "1"]
[SourceVersionDate "1996.06.01"]
[SourceQuality "1"]

1. e4 c5 2. c3 d5 3. exd5 Qxd5 4. d4 Nf6 5. Nf3 e6 6. Be3 cxd4 7. cxd4 Nc6 8.
Nc3 Qd6 9. a3 Be7 10. Bd3 O-O {Eine Schlüsselstellung im c3-Sizi' und zugleich
eine gute Trainingsstellung, wenn Sie sich mit dem Isolani auseinandersetzen
wollen.} 11. Qc2 $5 {Diese prophylaktische Idee ist ein Patent des Litauers
Rozentalis: Weiß kämpft gegen das Fianchetto des schwarzen Damenläufers und
damit um die Kontrolle des Blockadefeldes d5. Wenn Weiß später durch "Rochade"
von Dame und Läufer die isolani-typische Batterie gegen h7 aufbaut, könnte die
Aktion im Nachhinein allerdings als Tempoverlust interpretiert werden.} h6 $6 {
Ein zweischneidiges Unterfangen, so doch zu dem Fianchetto des Damenläufers zu
kommen. Sonst wird in dieser Variante zwar entgegen ähnlichen Stellungsbildern
auch oft h6 gespielt, um Lg5 zu verhindern, jedoch geschieht dies meist zu
einem späteren Zeitpunkt.} 12. O-O b6 13. Rad1 {Ein ebenso unaufälliger wie
vielseitiger Zug: Der Bauer d4 wird überdeckt und sein späterer Vorstoß
vorbereitet. Zudem wird der Turm nicht mehr eingesperrt, wenn Weiß das
Standardmanöver De2-Lb1-Dd3 durchführt.} (13. Nb5 $6 Qd7 14. Ne5 Nxe5 15. dxe5
Nd5 $15) (13. Ne4 Nxe4 14. Bxe4 Bb7 15. Ne5 Rac8 16. Qa4 Nxe5 17. dxe5 (17.
Bxb7 Ng4 18. g3 Nxe3 19. fxe3 Rc7 $15) 17... Qb8 $10) 13... Bb7 14. Qe2 $6 {
Wenn dies das Optium für Weiß nach h6 ist, sollte er besser auf Dc2 verzichten,
da er das Fianchetto des Damenläufers doch nicht verhindern konnte und hier
gegenüber bekannten Stellungen ein glattes Tempo weniger hat. Dagegen sieht} (
14. Qd2 $1 {sehr gefährlich für Schwarz aus, da er das Opfer auf h6 noch nicht
mit Lf8 verhindern kann - sonst spielt Schwarz den Zug h6 erst nach Tfd8:} Rfd8
(14... Ng4 15. Bf4 e5 $2 16. dxe5 Ngxe5 17. Nxe5 Nxe5 18. Qe3 $18) (14... e5
15. d5 $16) 15. Bf4 Qd7 16. Bxh6 gxh6 17. Qxh6 Nxd4 18. Ng5 $40) 14... Rad8 (
14... Rfd8 $5 15. Bb1 $140 Bf8) 15. Bb1 Qb8 16. h3 Rfe8 (16... Bd6 $5 {Mit der
Idee, das Manöver Sh2-g4 zu verhindern und Se7-d5 vorzubereiten. Der von mir
stets befürchtete Angriff Dd2 scheint nicht zu funktionieren:} 17. Qd2 Ne7 18.
Bxh6 gxh6 (18... Bxf3 $6 19. Qg5 Ng6 20. Bxg6 gxh6 21. Qxf6 Bxd1 22. Rxd1 $44)
19. Qxh6 Bxf3 20. Qxf6 (20. gxf3 Bh2+ 21. Kh1 Qf4 22. Rg1+ Ng6 $19) 20... Bxd1
21. Rxd1 (21. Qg5+ Ng6 22. Bxg6 Bh2+ 23. Kh1 Qf4 $19) 21... Rfe8 $17) 17. Nh2
e5 {Schwarz klärt die Stellung und steht aufgrund seiner aktiven
Figurenstellung etwas angenehmer. Dies sollte jedoch angesichts der latenten
Vereinfachungstendenz nicht ins Gewicht fallen.} 18. dxe5 (18. d5 $2 Nd4 19.
Qd3 Bxd5 $17) 18... Rxd1 19. Qxd1 Nxe5 20. Bf4 Bc5 21. Ng4 Nfxg4 22. hxg4 Qc8
23. Bf5 Qa8 24. Re1 Rd8 25. Qe2 Ng6 26. Bc7 Rf8 {Nach sorglosem Spiel hat Weiß
angesichts der Schwäche g2 bereits ernsthafte Probleme.} 27. Be4 Re8 28. Kf1
Re7 29. Bg3 a5 30. Bxb7 Qxb7 31. Qc4 (31. Qf3 Qa6+ 32. Ne2 (32. Re2 Bd4 $17)
32... Ne5 $17) 31... Rxe1+ 32. Kxe1 Qxg2 $17 33. Qf1 Qxf1+ 34. Kxf1 Bd4 35. Ke2
Ne5 36. f3 f6 37. Nd5 Bxb2 38. a4 Bd4 39. Bxe5 fxe5 40. Nc7 Kf7 41. Nb5 g6 42.
Kd3 h5 43. Nd6+ Ke6 44. Ne4 h4 45. f4 Kd5 46. Nf6+ Kc6 0-1

[Event "AUT-ch"]
[Site "Moesern"]
[Date "1997.08.03"]
[Round "2"]
[White "Brestian, Egon"]
[Black "Stanec, Nikolaus"]
[Result "1-0"]
[WhiteElo "2440"]
[BlackElo "2465"]
[Annotator "Schroll,G"]
[PlyCount "41"]
[EventDate "1997.08.??"]
[EventType "tourn"]
[EventRounds "15"]
[EventCountry "AUT"]
[EventCategory "6"]
[SourceTitle "CBM 059 Extra"]
[Source "ChessBase"]
[SourceDate "1997.09.26"]
[SourceVersion "1"]
[SourceVersionDate "1997.09.26"]
[SourceQuality "1"]

1. e4 {Somerbauer} c5 2. c3 Nf6 3. e5 Nd5 4. d4 cxd4 5. Nf3 e6 6. cxd4 b6 7.
Bd3 ({Alternative:} 7. Nc3 Nxc3 8. bxc3 Qc7 $1 9. Bd2 Bb7 {/\d6,Nd7}) 7... Ba6
$5 (7... Bb4+ 8. Bd2 Bxd2+ 9. Qxd2 Ba6) 8. O-O (8. Bxa6 Nxa6 9. O-O Be7 10.
Nbd2 O-O 11. Ne4 Nac7 12. Bg5 f6 13. exf6 Nxf6 14. Bxf6 gxf6 {+/-
Adams-Benjamin, New York 1996}) 8... Bxd3 $6 (8... Qc8 $5) 9. Qxd3 Be7 (9...
Nc6 $6 10. Nc3 Nxc3 11. bxc3 d5 12. exd6 Qxd6 (12... Bxd6 13. Re1 Be7 $16 (
13... O-O 14. Ng5 $16 g6 15. Qh3 h5 16. g4 Be7 17. gxh5 Bxg5 18. hxg6 Bh4 19.
Re4 Bxf2+ 20. Kxf2 fxg6+ 21. Kg1 $16)) 13. Qe4 (13. c4)) 10. Nc3 Nxc3 11. bxc3
d5 $2 (11... O-O $14) 12. exd6 Qxd6 13. Ba3 Qc7 (13... Qxa3 14. Qe4 $18) (13...
Qd8 14. Bxe7 Kxe7 15. Rad1 (15. Ne5 f6 16. Qf3 Qd5 17. Qg3 g6 18. c4 Qd6 (18...
Qxd4 19. Qf3 Qxe5 20. Qxa8 Qc7 21. c5 bxc5 22. Rab1 Rd8 23. Rb7 Nd7 24. Qxa7
$18) 19. Rad1 Nd7 20. Nxd7 Qxg3 21. fxg3 Kxd7 22. Rxf6 $16) 15... f6 16. Rfe1
Kf7 17. Ng5+ {1:0 Braga-Priehoda, Catania 1993}) 14. Bxe7 Kxe7 (14... Qxe7 15.
Qe4) 15. d5 (15. Rad1 Nd7 16. d5 Qd6 17. Rfe1 {|^ Fosson-Iskov, Gaudsdal 1988
und Godena-Cvitan, Reggia Emilia 1991}) 15... Qd6 (15... Rd8 16. Qxh7 Rxd5 (
16... Qxc3 17. dxe6 fxe6 18. Rfe1 $16) 17. Qxg7 $18) (15... exd5 16. Qxd5 Nc6
17. Ng5 Kf8 18. Nxf7 $18) 16. c4 Nd7 17. Nd4 Ne5 18. Qe2 Rhc8 19. Nb5 (19. f4
Rxc4 20. fxe5 (20. Nb3 $18) 20... Qc5 21. d6+ Kd8 22. Qf3 Qxd4+ 23. Kh1 $18)
19... Qb8 20. d6+ Kf6 21. Qb2 {1:0 22.f4 Nxc4 23.Qxg7 +-} 1-0

[Event "Hawaii op"]
[Site "Honolulu"]
[Date "1997.??.??"]
[Round "?"]
[White "Shaked, Tal"]
[Black "Atalik, Suat"]
[Result "1-0"]
[WhiteElo "2445"]
[BlackElo "2555"]
[Annotator "Shaked,T"]
[PlyCount "125"]
[EventDate "1997.04.??"]
[EventType "swiss"]
[EventRounds "11"]
[EventCountry "USA"]
[SourceTitle "EXT 1998"]
[Source "ChessBase"]
[SourceDate "1997.11.17"]
[SourceVersion "1"]
[SourceVersionDate "1997.11.17"]
[SourceQuality "1"]

1. e4 c5 2. c3 d5 3. exd5 Qxd5 4. d4 Nf6 5. Nf3 Nc6 6. dxc5 Qxc5 7. Na3 Ng4 8.
Qe2 a6 9. h3 Nge5 10. Be3 Nxf3+ 11. Qxf3 Qf5 12. Qg3 e5 $146 {/\ Qg6} 13. Nc4
Be6 14. O-O-O $5 Qg6 (14... Nb4 $2 15. cxb4 Rc8 16. Bc5) (14... Rc8 15. Bd3 e4
16. Be2 Nb4 (16... Qb5 17. Nb6 Qxe2 18. Nxc8 Bxc8 19. Qc7 $16) 17. Nd6+ Bxd6
18. Qxd6 $16) 15. Qxg6 (15. Qf3 $5) 15... hxg6 16. Nb6 Rd8 (16... Rb8) 17. Bc4
Bxc4 18. Nxc4 Be7 19. a4 $1 $14 {עe8} (19. Rxd8+ Kxd8 20. Rd1+ Kc8) 19... f6
20. Rxd8+ (20. Kc2 Kf7 $11) 20... Kxd8 (20... Nxd8 21. Rd1 $14) 21. Rd1+ Kc7
22. Kc2 $1 (22. b4 $14) 22... b5 $2 (22... Nd8 23. Nb6 Bd6 24. b4 $14) 23. Bb6+
Kc8 (23... Kb7 24. Rd7+) (23... Kb8 24. axb5 axb5 25. Na5 Nxa5 (25... Rc8 26.
Rd7 Bf8 27. Kb3) 26. Bxa5 $16) 24. Nd6+ Bxd6 25. Rxd6 {R 9/i} Kb7 26. a5 $1 $16
{<->d} Nb8 27. Re6 Nc6 28. Rd6 Nb8 29. Kd3 $1 Rc8 (29... Rh4 30. Re6 g5 31.
Re7+ Kc6 32. Rxg7 Nd7 33. Be3 $16) (29... g5 30. Ke4 Rh4+ 31. Kf5 b4 32. cxb4
Rxb4 33. Kg6 g4 34. Kxg7 {- 29...Rc8}) 30. Ke4 b4 31. cxb4 Rc4+ 32. Kd5 Rxb4
33. Ke6 g5 (33... Rxb2 34. Kf7) 34. Kf7 g4 35. Kxg7 gxh3 36. gxh3 Rb3 37. Kxf6
Rxh3 38. Kxe5 $18 Nc6+ 39. Ke4 Rb3 40. Rd7+ Kb8 41. Rd2 Rb4+ 42. Kd5 Kb7 43.
Ke6 Re4+ 44. Kf5 Re5+ 45. Kf6 Re4 46. Kg5 Ne5 47. Kf5 Re1 48. f4 Nc4 49. Rc2
Nd6+ 50. Kg4 Re7 51. Bd4 $1 Rf7 52. Be5 Nf5 53. Kg5 Ng3 54. Kg6 Re7 55. Kf6 Re8
56. Rc7+ Ka8 57. Kf7 Rd8 58. Ke6 Re8+ 59. Kd5 Nf5 60. Rh7 Ne3+ 61. Kd4 Nf5+ 62.
Kc5 Ne3 63. Rh8 1-0

[Event "Olympiad-32"]
[Site "Yerevan"]
[Date "1996.09.26"]
[Round "10.4"]
[White "Votava, Jan"]
[Black "Lutz, Christopher"]
[Result "0-1"]
[WhiteElo "2545"]
[BlackElo "2565"]
[Annotator "Shipov,S"]
[PlyCount "46"]
[EventDate "1996.09.15"]
[EventType "team-swiss"]
[EventRounds "14"]
[EventCountry "ARM"]
[SourceTitle "CBM 055"]
[Source "ChessBase"]
[SourceDate "1996.12.01"]
[SourceVersion "1"]
[SourceVersionDate "1996.12.01"]
[SourceQuality "1"]
[WhiteTeam "Czech Republic"]
[BlackTeam "Germany"]
[WhiteTeamCountry "CZE"]
[BlackTeamCountry "GER"]

1. e4 c5 2. c3 d5 3. exd5 Qxd5 4. d4 Nf6 5. Nf3 Bg4 6. Nbd2 Nc6 7. Bc4 Bxf3 8.
gxf3 Qf5 $1 (8... Qg5 $2 9. Ne4 Qf5 10. Qe2 e6 11. Ng3 Qh3 12. d5 Nd8 13. Bb5+
Nd7 14. Bf4 a6 15. Bxd7+ Kxd7 16. O-O-O $18 {Adams,M-Huebner,R/Wijk aan Zee/
1996/1:0/31/}) (8... Qd7 9. dxc5 e6 10. b4 (10. Nb3 Qc7 11. Be3 Be7 12. Qe2 Rd8
13. Rd1 Rxd1+ 14. Kxd1 O-O 15. Kc2 Rd8 16. f4 $14 {Strikovic,A-Garcia Iluhdain,
D/Leon/1996/0,5/37/}) 10... a5 11. Rb1 (11. Qb3 $5) 11... Nd5 12. Bxd5 Qxd5 13.
a3 Be7 14. O-O O-O 15. Qe2 $14 {Vlassov,N-Atalik,S/Rethimnon/1995/1:0/25/}) (
8... Qd6 $5) 9. Qb3 (9. dxc5 $5) 9... O-O-O $8 10. Bxf7 Nd5 11. Bxd5 $8 Rxd5
12. Ne4 $2 (12. Rg1 e6 (12... cxd4 $5) 13. Rg3 cxd4 14. Ne4 Be7 15. Bd2 Rhd8
16. c4 R5d7 17. O-O-O g6 $13 {Shaked,T-De Firmian,N/USA/1996/0,5/47/}) (12.
dxc5 $6 Re5+ $1 13. Ne4 $2 Rxe4+ $18) 12... e6 13. Ng3 (13. O-O Qxf3 14. Ng3 h5
$17) 13... Qxf3 14. Be3 cxd4 15. Bxd4 $6 (15. cxd4 $5 Bd6 16. Qd1 Qg2 17. Qg4
$15) 15... Bd6 $17 {>< Ke1/} 16. Qd1 Qg2 $1 17. Qg4 Nxd4 (17... Bxg3 $2 18.
O-O-O $10) 18. cxd4 Bb4+ 19. Ke2 Rf5 $1 20. Rhf1 Rhf8 21. Kd3 Kb8 $1 $19 22.
Rac1 Rf3+ 23. Kc4 Bd2 (23... Bd2 24. Rcd1 Rc8+ 25. Kb5 Rb3+ 26. Ka4 Qc6+ 27.
Kxb3 Qb5+ 28. Ka3 Qb4#) 0-1